Solární architektura.

Nové pohľady na ekologickú architektúru. Využitie solárnej energie v experimentálnych projektoch. Tri základné solárne systémy - pasívny, aktívny a solárne články. Ich základná charakteristika, výhody a nevýhody. Predpoklady rozšírenia použitia solárnej architektúry v ČSFR.

Na minha lista:
Detalhes bibliográficos
Autor principal: Schmeidler, K.
Formato: Capítulo de Livro
Idioma:tcheco
Assuntos:
Tags: Adicionar Tag
Sem tags, seja o primeiro a adicionar uma tag!

MARC

LEADER 00000naa a2200000 4500
001 r002145
005 20220819181127.1
041 0 |a cze 
044 |a [CS] 
245 1 0 |a Solární architektura.  |c K. Schmeidler 
520 |a Nové pohľady na ekologickú architektúru. Využitie solárnej energie v experimentálnych projektoch. Tri základné solárne systémy - pasívny, aktívny a solárne články. Ich základná charakteristika, výhody a nevýhody. Predpoklady rozšírenia použitia solárnej architektúry v ČSFR. 
610 2 0 |a architektúra 
610 2 0 |a ekológia 
610 2 0 |a energia slnečná 
610 2 0 |a ČSFR 
610 2 0 |a projekty stavebné 
610 2 0 |a experimenty 
100 1 |a Schmeidler, K.